000
00281nam a2200133Ia 4500
100
_a
Longton/J.W
942
_c
BK
654
_a
metal
245
_a
Sheet Metal Production
260
_b
Sir ISAAC Pitman & Sons Ltd.
_c
1967
082
_a
671.8
300
_a
191
546
_a
ENGLISH
999
_c
20609
_d
20609